000 00822 a2200217 4500
999 _c2036
_d2036
020 _a9780077148249
020 _a0078034698 (alk. paper)
050 0 0 _aHG4521. BOD 2013
100 1 _aBodie, Zvi.
245 1 0 _aEssentials of investments /
_cZvi Bodie, Alex Kane, Alan J. Marcus.
250 _a9th ed.
264 _aNew York:
_bMcGraw hill.,
_c2013
300 _axxviii, 741, i-22 p. :
_bill. (come col.) ;
500 _aIncludes bibliographical references (p. 736-741) and index.
504 _aIncludes bibliographical references (p. 736-741) and index.
650 0 _aInvestments.
700 1 _aKane, Alex,
_d1942-
700 1 _aMarcus, Alan J.
942 _2lcc
_cBK
_e9th ed
_h4521
_iBOD
_kHG